000 05867cam a22018254i 4500
003 PE-LiUPU
005 20250813165527.0
008 180712s2016 sp a rb 000 0 spa d
020 _a9788416629879
035 _a(Sirsi) a249236
040 _aPE-LiUPU
_bspa
_cPE-LiUPU
_erda
049 _aPRUA
082 0 4 _a641.22
_bP95
_220
100 1 _aPulido Lería, Cristina,
_eautor.
245 1 0 _aAnálisis sensorial de productos selectos propios de sumillería y diseño de sus ofertas /
_cCristina Pulido Lería.
250 _aPrimera edición.
264 1 _aAntequera, Málaga :
_bIC Editorial,
_c2016.
300 _aiv, 278 páginas :
_bilustraciones ;
_c24 centímetros
336 _atext
_2rdacontent
337 _aunmediated
_2rdamedia
338 _avolume
_2rdacarrier
504 _aBibliografía : páginas 275-278.
505 0 _aAnálisis sensorial de alimentos selectos de sumillería -- Introducción -- La influencia de las preferencias en el análisis sensorial -- Diferencias entre análisis sensorial, técnico, instrumental y hedónico -- Los atributos de los alimentos -- Medios utilizados en el análisis sensorial de alimentos en hostelería -- Percepción de atributos sensoriales básicos -- Metodología del análisis sensorial de alimentos en hosteleria -- Resumen -- Análisis sensorial y conocimiento del aceite de oliva virgen extra y confección de su carta de oferta -- Introducción -- Los tipos de aceites comestibles -- Clasificación comercial de los aceites de oliva -- El aceite de oliva virgen extra -- Aceites españoles con denominación de origen protegida -- Análisis sensorial de aceites -- Los aceites de oliva virgen extra en restauración -- La carta de aceites de oliva virgen extra -- Resumen -- Análisis sensorial y conocimiento de los quesos y confección de su carta de oferta -- Introducción -- El queso -- Fases del proceso de elaboración de un queso de pasta prensada -- Criterios de clasificación de los quesos -- Presentación comercial del queso -- Factores de calidad del queso -- El análisis sensorial de quesos -- Los quesos en restauración -- La carta de quesos -- Resumen -- Análisis sensorial y conocimiento de otros productos selectos de consumo directo y confección de su carta de oferta -- Introducción -- Principales productos selectos propios de sumillería distintos de aceites y quesos -- Características y ciclo de vida de los jamones, cecinas, mojama, embutidos, foies micuit, caviar, conservas, semiconservas, ahumados, vinagres selectos, sales y otros productos alimentarios de consumo directo -- Análisis sensorial de productos selectos propios de sumillería -- La carta de productos alimentarios selectos -- Resumen.
526 _aP203
526 _aP200
526 _aSEG65
526 _aSEG64
526 _aSEG63
526 _aSEG62
526 _aSEG61
526 _aSEG60
526 _aSEG59
526 _aSEG58
526 _aSEG57
526 _aSEG56
526 _aSEG55
526 _aSEG54
526 _aSEG53
526 _aSEG52
526 _aSEG51
526 _aSEG50
526 _aSEG49
526 _aSEG48
526 _aSEG47
526 _aSEG46
526 _aSEG24
526 _aSEG23
526 _aSEG22
526 _aSEG21
526 _aSEG20
526 _aSEG19
526 _aSEG18
526 _aSEG17
526 _aSEG16
526 _aSEG14
526 _aSEG13
526 _aSEG12
526 _aSEG11
526 _aSEG10
526 _aSEG09
526 _aSEG06
526 _aSEG05
526 _aSEG04
526 _aSEG03
526 _aSEG02
526 _aSEG68
526 _aSEG66
526 _aSEG45
526 _aSEG25
526 _aSEG01
526 _aP163
526 _aP162
526 _aP161
526 _aP160
526 _aP159
526 _aP158
526 _aP157
526 _aP156
526 _aP155
526 _aP154
526 _aP153
526 _aP152
526 _aP151
526 _aP150
526 _aP149
526 _aP142
526 _aP141
526 _aP140
526 _aP139
526 _aP138
526 _aP137
526 _aP132
526 _aP131
526 _aP130
526 _aP126
526 _aP125
526 _aP124
526 _aP123
526 _aP115
526 _aP122
526 _aP121
526 _aP116
526 _a P114
526 _aP112
526 _aP111
526 _aP104
526 _aP103
526 _aP102
526 _aP101
526 _aP100
526 _aP96
526 _aP95
526 _aP93
526 _aP92
526 _aP91
526 _aP88
526 _aP83
526 _aP82
526 _aP79
526 _aP78
526 _aP75
526 _aP74
526 _aP71
526 _aP69
526 _a P51
526 _aP49
526 _aP48
526 _aP47
526 _aP33
526 _aP31
526 _a P30
526 _aP29
526 _aP27
526 _aP26
526 _aP25
526 _aP24
526 _a P22
526 _aP10
526 _aP09
526 _a P08
526 _aP06
526 _aP05
526 _aP04
526 _aP01
541 _g002-00000192;
650 1 4 _aVino y gastronomía.
650 2 4 _aVinos
_xCata.
650 2 4 _aServicio del vino.
910 _adbm
_bncf
_cncf
_d20180712
942 _2ddc
_cBOOK
994 _aC0
_bPEPRU
598 _aCATALOGING
596 _a1
999 _a641.22 P95
_wDEWEY
_c28818
_i78997
_d28818
_e2019-11-11
_f2021-12-1
_g4
_lCCODEBUL1
_mBUL
_n6
_p31.16
_q1
_r0
_sY
_tBOOK
_u2018-7-12
_xINGENIERIA
_PP26
_0COMPRA
_1FCOMPRA
_o.STAFF. Colección Ingeniería y Arquitectura
980 _81
_gALBERTO SANCHEZ Responsable de Automatización